| 000 | 00818nam a2200289Ia 4500 | ||
|---|---|---|---|
| 005 | 20260324112639.0 | ||
| 008 | 008 260324s9999 xx 000 0 eng d | ||
| 020 | _a9781003427674 | ||
| 037 | _aEBOOK | ||
| 040 | _aCRL | ||
| 040 | _beng | ||
| 040 | _cCRL | ||
| 041 | _2eng | ||
| 041 | _aeng | ||
| 084 | _qCRL | ||
| 100 |
_aUzair Aslam Bhatti; Jingbing Li; Sibghat Ullah Bazai; Huang Mengxing; Muhammad Aamir _91143565 |
||
| 245 | 0 | _aDeep Learning for Multimedia Processing Applications | |
| 245 | 0 | _bVolume One: Image Security and Intelligent Systems for Multimedia Processing | |
| 260 | _bTaylor and Francis | ||
| 260 | _c2024 | ||
| 365 | _a | ||
| 365 | _b225 | ||
| 856 | _uhttp://www.taylorfrancis.com/books/9781003427674 | ||
| 942 | _cEBOOK | ||
| 999 |
_c1732852 _d1732852 |
||